书目信息 |
| 题名: |
使用Perl实现系统管理自动化
|
|
| 作者: | 艾德尔曼 著 | |
| 分册: | ||
| 出版信息: | 南京 东南大学出版社 2010.01 |
|
| 页数: | xxiii, 639 | |
| 开本: | 24cm | |
| 丛书名: | ||
| 单 册: | ||
| 中图分类: | TP312 | |
| 科图分类: | ||
| 主题词: | PERL语言--PERL yu yan--程序设计--英文 | |
| 电子资源: | ||
| ISBN: | 978-7-5641-1928-7 | |
| 000 | 01145nam0 2200277 450 | |
| 001 | 012010352925 | |
| 005 | 20100406195009.35 | |
| 010 | @a978-7-5641-1928-7@dCNY88.00 | |
| 100 | @a20100406d2010 em y0chiy0120 ea | |
| 101 | 0 | @aeng |
| 102 | @aCN@b320000 | |
| 105 | @aa z 001yy | |
| 106 | @ar | |
| 200 | 1 | @a使用Perl实现系统管理自动化@Ashi yong Perl shi xian xi tong guan li zi dong hua@d= Automating system administration with perl@fDavid N. Blank-Edelman@zeng |
| 205 | @a影印版 | |
| 210 | @a南京@c东南大学出版社@d2010.01 | |
| 215 | @axxiii, 639@c图@d24cm | |
| 305 | @a本书根据英文版第二版影印 | |
| 314 | @a责任者规范汉译姓取自版权页 | |
| 330 | @a《使用Perl实现系统管理自动化 第二版》不仅提供了可用于工作的恰当工具,还给出了许多建议,帮助你解决特定问题以及安全地自动处理重复事务。这一版的“水獭书”经过更新和扩充,涵盖了最新的操作系统、技术和Perl模块。 | |
| 510 | 1 | @aAutomating system administration with perl@zeng |
| 606 | 0 | @aPERL语言@APERL yu yan@x程序设计@x英文 |
| 690 | @aTP312@v4 | |
| 701 | 1 | @a艾德尔曼@Aai de er man@g(Edelman, David N. Blank)@4著 |
| 801 | 0 | @aCN@bQSSK@c20100406 |
| 905 | @b774683-85@dTP312@eA340@f3 | |
| 使用Perl实现系统管理自动化= Automating system administration with perl/David N. Blank-Edelman.-影印版.-南京:东南大学出版社,2010.01 |
| xxiii, 639:图;24cm |
| ISBN 978-7-5641-1928-7:CNY88.00 |
| 《使用Perl实现系统管理自动化 第二版》不仅提供了可用于工作的恰当工具,还给出了许多建议,帮助你解决特定问题以及安全地自动处理重复事务。这一版的“水獭书”经过更新和扩充,涵盖了最新的操作系统、技术和Perl模块。 |
| ● |
| 相关链接 |
|
|
|
正题名:使用Perl实现系统管理自动化
索取号:TP312/A340
 
预约/预借
| 序号 | 登录号 | 条形码 | 馆藏地/架位号 | 状态 | 备注 |
| 1 | 774683 | 207746830 | 自科库301/301自科库 51排7列1层/ [索取号:TP312/A340] | 在馆 | |
| 2 | 774684 | 207746849 | 自科库301/301自科库 51排7列1层/ [索取号:TP312/A340] | 在馆 | |
| 3 | 774685 | 207746858 | 自科二线400A/400A自科库 7排3列5层/ [索取号:TP312/A340] | 在馆 |